[Event "2.BLO 1516 Bindl Aktionär - SC Garching"]
[Site "?"]
[Date "2016.01.31"]
[Round "8.8"]
[White "Wetscherek, Andreas"]
[Black "Schlinkmeier, Karsten"]
[Result "1-0"]
[WhiteElo "2323"]
[BlackElo "2187"]
[PlyCount "119"]
[EventDate "2016.??.??"]

1. Nf3 Nf6 2. c4 c6 3. g3 d5 4. b3 Bf5 5. Bg2 e6 6. O-O Nbd7 7. Bb2 h6 8. d3
Be7 9. Nbd2 O-O 10. Qc2 Bh7 11. Rfe1 Qb6 12. Rac1 Rfe8 13. a3 a5 14. Qb1 Bc5
15. e3 Rad8 16. Bf1 Be7 17. Bd4 Qa6 18. Qb2 Rc8 19. b4 Qa8 20. Ne5 Bf8 21. Ndf3
b6 22. Bc3 axb4 23. axb4 Qb7 24. Nd2 Nxe5 25. Bxe5 Nd7 26. Bc3 b5 27. c5 Bf5
28. e4 Bg6 29. Bg2 f6 30. f4 Bf7 31. Nf3 Ra8 32. Ra1 Rxa1 33. Rxa1 Ra8 34. Bh3
Ra7 35. Kh1 Be7 36. Nd4 Rxa1+ 37. Qxa1 e5 38. Nf5 d4 39. Nxe7+ Kf8 40. Bxd4
Kxe7 41. fxe5 Qc7 42. exf6+ gxf6 43. Bxd7 Qxd7 44. Bxf6+ Kf8 45. Bg7+ Kg8 46.
Bxh6 Qg4 47. Qe5 Kh7 48. Qf6 Qd1+ 49. Kg2 Qe2+ 50. Qf2 Qxd3 51. Qxf7+ Kxh6 52.
Qf4+ Kg7 53. h4 Qc4 54. e5 Qd5+ 55. Kh2 Kh7 56. Qf5+ Kh8 57. Qh5+ Kg7 58. Qg5+
Kh7 59. h5 Qe4 60. Qg6+ 1-0

[Event "2.BLO 1516 Nickelhütte Aue - MSA Zugzwa"]
[Site "?"]
[Date "2016.01.31"]
[Round "8.1"]
[White "Bromberger, Stefan"]
[Black "Papp, Gabor"]
[Result "1-0"]
[WhiteElo "2523"]
[BlackElo "2601"]
[PlyCount "115"]
[EventDate "2016.??.??"]

1. e4 e5 2. Nf3 Nc6 3. Bb5 a6 4. Ba4 Nf6 5. O-O Be7 6. Re1 b5 7. Bb3 d6 8. c3
O-O 9. h3 Bb7 10. d4 Re8 11. Ng5 Rf8 12. Nf3 Re8 13. Nbd2 exd4 14. cxd4 Na5 15.
Bc2 Nd7 16. Nf1 Bf6 17. N1h2 c5 18. Ng4 Bxd4 19. Nxd4 cxd4 20. Qxd4 Rc8 21. Bb1
Re6 22. b3 f5 23. Bb2 Qf8 24. Ne3 fxe4 25. Qd2 b4 26. Qxb4 Rc5 27. Qd2 Nc6 28.
b4 Rg5 29. Ng4 Rxg4 30. hxg4 Ne7 31. f3 Nf6 32. Bxf6 Qxf6 33. Bxe4 Bxe4 34. g5
Qe5 35. Rad1 d5 36. fxe4 dxe4 37. Qd4 Nf5 38. Qd8+ Re8 39. Qd5+ Re6 40. Qa8+
Re8 41. Rd8 Rxd8 42. Qxd8+ Kf7 43. Qd7+ Kg6 44. Qc6+ Kxg5 45. Qxe4 Qd6 46. Qc4
g6 47. Qc1+ Kf6 48. Qc5 Qg3 49. Qf2 Qg4 50. Qb6+ Kg5 51. Qd8+ Kh6 52. Qd2+ Kg7
53. Qc3+ Kf7 54. Qc7+ Kf8 55. Qd7 Qd4+ 56. Qxd4 Nxd4 57. Re4 Nc6 58. a4 1-0

[Event "2.BLO 1516 Nickelhütte Aue - MSA Zugzwa"]
[Site "?"]
[Date "2016.01.31"]
[Round "8.2"]
[White "Prohaszka, Peter"]
[Black "Kindermann, Stefan"]
[Result "1-0"]
[WhiteElo "2610"]
[BlackElo "2515"]
[PlyCount "145"]
[EventDate "2016.??.??"]

1. Nf3 f5 2. g3 Nf6 3. Bg2 d6 4. d4 g6 5. b3 Bg7 6. Bb2 O-O 7. O-O c6 8. c4 Qc7
9. d5 Na6 10. Nc3 e5 11. dxe6 Bxe6 12. Ng5 Bd7 13. Qc2 Nc5 14. Rad1 Rad8 15. b4
Ne6 16. Nf3 Bc8 17. e3 Ng4 18. Ne2 Ne5 19. Rc1 g5 20. Ned4 Nxd4 21. Bxd4 Nxf3+
22. Bxf3 Bxd4 23. exd4 f4 24. g4 Qg7 25. Qc3 Rfe8 26. Rfe1 Bd7 27. Kg2 Rxe1 28.
Rxe1 Re8 29. Rd1 Be6 30. Re1 Bf7 31. Rxe8+ Bxe8 32. Qd2 Qe7 33. d5 cxd5 34.
Qxd5+ Bf7 35. Qb5 b6 36. Bd5 h6 37. h3 Bxd5+ 38. Qxd5+ Kg7 39. a3 Qe2 40. Qb7+
Kg8 41. Qc8+ Kg7 42. c5 dxc5 43. bxc5 bxc5 44. Qxc5 a6 45. Qc7+ Kg6 46. Qc6+
Kg7 47. Qd7+ Kg6 48. Qf5+ Kg7 49. h4 Qe7 50. hxg5 hxg5 51. Qd3 Kf6 52. Qf5+ Kg7
53. a4 Qf6 54. Qd7+ Kg6 55. a5 Kh6 56. Qb7 Kg6 57. Qb8 Kf7 58. Qc7+ Ke6 59. Kf3
Qd4 60. Qc8+ Kd6 61. Kg2 Ke7 62. Qxa6 Qe4+ 63. Kh2 Qf3 64. Qa7+ Kf6 65. Qd4+
Kf7 66. Qd7+ Kf8 67. Kg1 Qe2 68. Qd6+ Ke8 69. Qf6 Qe1+ 70. Kg2 Qe4+ 71. Kh2 Qf3
72. Qd4 Qxg4 73. a6 1-0

[Event "2.BLO 1516 Nickelhütte Aue - MSA Zugzwa"]
[Site "?"]
[Date "2016.01.31"]
[Round "8.3"]
[White "Hertneck, Gerald"]
[Black "Meijers, Viesturs"]
[Result "1-0"]
[WhiteElo "2458"]
[BlackElo "2441"]
[PlyCount "77"]
[EventDate "2016.??.??"]

1. d4 Nf6 2. Nf3 e6 3. c4 b6 4. g3 Bb7 5. Bg2 Bb4+ 6. Bd2 Bxd2+ 7. Qxd2 d6 8.
Nc3 Nbd7 9. O-O Ne4 10. Nxe4 Bxe4 11. d5 Nf6 12. dxe6 fxe6 13. Bh3 e5 14. Ng5
Bb7 15. Ne6 Qe7 16. Qg5 Rg8 17. f4 e4 18. Nd4 Bc8 19. Nc6 Qf7 20. Bxc8 Rxc8 21.
Nxa7 Ra8 22. Nb5 Ra5 23. b3 Qd7 24. f5 Kf7 25. a4 c6 26. Nd4 Rga8 27. Rad1 Kg8
28. Qf4 d5 29. g4 dxc4 30. bxc4 Rxa4 31. Ne6 Qe7 32. g5 Ne8 33. f6 Nxf6 34.
gxf6 Qxe6 35. f7+ Kf8 36. Qh4 Qc8 37. Qxh7 Qg4+ 38. Kh1 Ke7 39. Rd4 1-0

[Event "2.BLO 1516 Nickelhütte Aue - MSA Zugzwa"]
[Site "?"]
[Date "2016.01.31"]
[Round "8.4"]
[White "Slobodjan, Roman"]
[Black "Zysk, Robert"]
[Result "1-0"]
[WhiteElo "2471"]
[BlackElo "2396"]
[PlyCount "81"]
[EventDate "2016.??.??"]

1. e4 Nf6 2. e5 Nd5 3. d4 d6 4. Nf3 dxe5 5. Nxe5 c6 6. c4 Nf6 7. Nc3 g6 8. Be2
Bg7 9. Bf4 Nbd7 10. Qd2 Nxe5 11. Bxe5 O-O 12. Rd1 Re8 13. h3 Be6 14. O-O a6 15.
Rfe1 Rc8 16. a3 b5 17. d5 cxd5 18. cxd5 Bd7 19. Qd4 Rf8 20. Bf3 Ne8 21. Qe3
Bxe5 22. Qxe5 Nd6 23. Qxe7 Nc4 24. Qb4 Qb6 25. d6 Be6 26. Nd5 Bxd5 27. Rxd5
Rcd8 28. d7 a5 29. Qxb5 Qxb5 30. Rxb5 Rxd7 31. Bd5 Nd2 32. Rxa5 Rfd8 33. Bc6
Rd6 34. Ra8 Rxa8 35. Bxa8 Nc4 36. Re2 Rb6 37. a4 Nxb2 38. a5 Rb8 39. Be4 Na4
40. a6 Nc3 41. a7 1-0

[Event "2.BLO 1516 Nickelhütte Aue - MSA Zugzwa"]
[Site "?"]
[Date "2016.01.31"]
[Round "8.5"]
[White "Gerigk, Erasmus"]
[Black "Eichner, Sebastian"]
[Result "1-0"]
[WhiteElo "2391"]
[BlackElo "2370"]
[PlyCount "293"]
[EventDate "2016.??.??"]

1. e4 e5 2. Nf3 Nc6 3. Bc4 Bc5 4. O-O d6 5. c3 Bb6 6. d3 Nf6 7. Re1 O-O 8. h3
h6 9. Nbd2 Ne7 10. Nf1 Ng6 11. Ng3 c6 12. Bb3 Be6 13. d4 Re8 14. Bc2 Qd7 15.
Be3 Rad8 16. a4 Qc8 17. Qc1 exd4 18. cxd4 c5 19. d5 Bxh3 20. gxh3 Qxh3 21. Bd3
Nh4 22. Nxh4 Qxh4 23. Kg2 Ng4 24. Rh1 Qf6 25. a5 Bc7 26. Bf4 Qd4 27. Qd2 Nxf2
28. Qxf2 Qxd3 29. Kh2 Rd7 30. Rhd1 Qb5 31. Rg1 Kf8 32. Qg2 Ke7 33. Nf5+ Kd8 34.
Nxg7 Rf8 35. Qd2 Kc8 36. Nh5 Bd8 37. Rg3 Re8 38. Qc2 Qb4 39. Re3 f5 40. Ra4 Qb5
41. exf5 Rg8 42. b3 Re7 43. Rxe7 Bxe7 44. f6 Bf8 45. Qf5+ Kc7 46. Qh7+ Bg7 47.
Nxg7 Qe2+ 48. Kg3 Qe1+ 49. Kh3 Qf1+ 50. Kh4 Qh1+ 51. Kg4 Qd1+ 52. Kf5 Qxd5+ 53.
Kg6 Kc6 54. Kxh6 Qxb3 55. Qe4+ Kb5 56. Qxb7+ Kxa4 57. Qxb3+ Kxb3 58. Bxd6 c4
59. Kh7 Rd8 60. Be7 Rb8 61. f7 c3 62. Ne8 c2 63. Bg5 Rb7 64. Kg6 Rxf7 65. Kxf7
Ka4 66. Bd2 c1=R 67. Bxc1 Kxa5 68. Ke6 Kb5 69. Kd5 a5 70. Kd4 a4 71. Kc3 Kc5
72. Nf6 Kd6 73. Ne4+ Kd5 74. Nd2 Ke5 75. Ba3 Kd5 76. Nf3 Ke4 77. Nd4 Kd5 78.
Nb5 Ke4 79. Kb4 Kd3 80. Nd6 Kd4 81. Nc4 Kd5 82. Kb5 Kd4 83. Nd6 Kd5 84. Nf5 Ke4
85. Ne7 Kd4 86. Kb4 Kd3 87. Ng6 Kd4 88. Nf4 Ke4 89. Ne2 Kd3 90. Nc1+ Kd4 91.
Na2 Kd3 92. Nc3 Kd4 93. Nd1 Kd3 94. Nf2+ Kd4 95. Bb2+ Kd5 96. Ka3 Kc4 97. Ne4
Kd3 98. Nc5+ Kc4 99. Ne6 Kd5 100. Ng5 Kc4 101. Nf3 Kd3 102. Ba1 Kc4 103. Ne5+
Kb5 104. Bd4 Ka5 105. Nc4+ Kb5 106. Nb2 Kc6 107. Bh8 Kd5 108. Bg7 Ke4 109. Bh8
Kd5 110. Kxa4 Kc5 111. Kb3 Kd5 112. Kc3 Ke4 113. Kc4 Ke3 114. Bd4+ Ke4 115. Na4
Kf5 116. Kd5 Kf4 117. Nc3 Kf5 118. Be5 Kg4 119. Ke4 Kg5 120. Nd5 Kg4 121. Bf4
Kh3 122. Ne3 Kh4 123. Nf1 Kh3 124. Kf3 Kh4 125. Ng3 Kh3 126. Bd2 Kh2 127. Be3
Kh3 128. Bg1 Kh4 129. Ne4 Kh5 130. Kf4 Kg6 131. Bb6 Kf7 132. Ke5 Kg6 133. Bd8
Kf7 134. Bf6 Kg6 135. Ng3 Kf7 136. Kf5 Ke8 137. Ke6 Kf8 138. Nh5 Ke8 139. Ng7+
Kf8 140. Bd4 Kg8 141. Kf6 Kh7 142. Kf7 Kh6 143. Be3+ Kh7 144. Ne6 Kh8 145. Bc1
Kh7 146. Nf8+ Kh8 147. Bb2# 1-0

[Event "2.BLO 1516 Nickelhütte Aue - MSA Zugzwa"]
[Site "?"]
[Date "2016.01.31"]
[Round "8.6"]
[White "Spiess, Gunter"]
[Black "Lammers, Markus"]
[Result "1/2-1/2"]
[WhiteElo "2410"]
[BlackElo "2334"]
[PlyCount "68"]
[EventDate "2016.??.??"]

1. d4 d5 2. c4 dxc4 3. Nf3 Nf6 4. e3 e6 5. Bxc4 c5 6. O-O a6 7. dxc5 Qxd1 8.
Rxd1 Bxc5 9. Be2 Nbd7 10. Nbd2 b6 11. a3 Bb7 12. b4 Be7 13. Bb2 O-O 14. Nc4 Bd5
15. Nfe5 Rfc8 16. Rac1 Rc7 17. Nxd7 Nxd7 18. Nd2 Rxc1 19. Rxc1 Bd8 20. Bd4 f6
21. e4 Bb7 22. f3 Rc8 23. Rxc8 Bxc8 24. Bc4 Kf7 25. Kf2 Bc7 26. g3 Be5 27. Ke3
Ke7 28. Bxe5 Nxe5 29. Be2 Nd7 30. f4 Bb7 31. Nc4 Bc6 32. Nd2 Bb7 33. Nc4 Bc6
34. Nd2 Bb7 1/2-1/2

[Event "2.BLO 1516 Nickelhütte Aue - MSA Zugzwa"]
[Site "?"]
[Date "2016.01.31"]
[Round "8.8"]
[White "Wichmann, Cliff"]
[Black "Hoffmeyer, Falk"]
[Result "0-1"]
[WhiteElo "2322"]
[BlackElo "2325"]
[PlyCount "66"]
[EventDate "2016.??.??"]

1. d4 Nf6 2. Nf3 c5 3. d5 b5 4. Bg5 Qb6 5. e3 Bb7 6. Nc3 b4 7. Na4 Qa5 8. Bxf6
gxf6 9. b3 e6 10. Bc4 Qc7 11. c3 Ba6 12. Qe2 Qb7 13. e4 Bxc4 14. Qxc4 Na6 15.
O-O Rc8 16. a3 bxc3 17. Nxc3 Be7 18. Rfd1 O-O 19. Rd3 Rb8 20. Rad1 Rfc8 21. Nd2
Kh8 22. Qa4 c4 23. Rh3 cxb3 24. e5 f5 25. Ncb1 Nc5 26. Qf4 Rg8 27. Nc4 Ne4 28.
Na5 Qc7 29. d6 Qc2 30. Rf1 Bd8 31. Qe3 Bxa5 32. Qxa7 Bb6 33. Qxd7 Nxf2 0-1

[Event "2.BLO 1516 Bindl Aktionär - SK Göggin"]
[Site "?"]
[Date "2016.02.20"]
[Round "9.1"]
[White "Rozentalis, Eduardas"]
[Black "Bindrich, Falko"]
[Result "1-0"]
[WhiteElo "2570"]
[BlackElo "2566"]
[PlyCount "113"]
[EventDate "2016.??.??"]

1. e4 e5 2. Nf3 Nc6 3. Bb5 Nf6 4. d3 Bc5 5. O-O Nd4 6. Nxd4 Bxd4 7. c3 Bb6 8.
Na3 c6 9. Ba4 O-O 10. Bg5 h6 11. Bh4 Re8 12. Nc4 Bc7 13. Ne3 d6 14. Qf3 a5 15.
Nf5 Bxf5 16. Qxf5 Qd7 17. Qf3 Nh7 18. Rad1 Bd8 19. Bg3 Bb6 20. Rd2 Ng5 21. Qd1
Ba7 22. Re1 Qc7 23. Bc2 Rad8 24. d4 Qe7 25. f4 exf4 26. Bxf4 c5 27. d5 c4+ 28.
Kh1 b5 29. h3 Bc5 30. e5 dxe5 31. Rxe5 Qf6 32. Rf5 Qe7 33. Re5 Qf6 34. Rde2
Rxe5 35. Bxe5 Qb6 36. d6 Qc6 37. Bg3 Ne6 38. Be4 Qb6 39. d7 Be7 40. Bf5 Qc6 41.
Bxe6 fxe6 42. Rd2 Bf6 43. Qh5 b4 44. Qg6 Kh8 45. Rd6 Qb5 46. Bf4 bxc3 47. bxc3
Bxc3 48. Qxe6 Bf6 49. Rd5 Qb1+ 50. Kh2 c3 51. Rf5 Bd4 52. Bxh6 Bg1+ 53. Kg3
Qd3+ 54. Kh4 Rxd7 55. Bxg7+ Rxg7 56. Qe8+ Rg8 57. Qh5+ 1-0

[Event "2.BLO 1516 Bindl Aktionär - SK Göggin"]
[Site "?"]
[Date "2016.02.20"]
[Round "9.2"]
[White "Petr, Martin"]
[Black "Nestorovic, Nikola"]
[Result "1/2-1/2"]
[WhiteElo "2510"]
[BlackElo "2476"]
[PlyCount "179"]
[EventDate "2016.??.??"]

1. d4 d5 2. Nf3 Nf6 3. e3 c5 4. Nbd2 e6 5. Bd3 Nc6 6. O-O Bd6 7. dxc5 Bxc5 8.
a3 a5 9. b3 e5 10. e4 O-O 11. Bb2 d4 12. Bb5 Qe7 13. c3 dxc3 14. Bxc3 Bg4 15.
Bxc6 bxc6 16. Bxe5 Qxe5 17. Nxe5 Bxd1 18. Raxd1 Bxa3 19. Nxc6 Rfc8 20. Nd4 Rab8
21. e5 Nd5 22. Nc4 Bb4 23. e6 fxe6 24. Nxe6 Nb6 25. Ne3 Rc3 26. Rb1 Re8 27. Nd4
Rd8 28. Rfd1 Be7 29. Ndf5 Rxd1+ 30. Nxd1 Rc5 31. Nxe7+ Kf7 32. Kf1 Kxe7 33. Ne3
Nd5 34. Nf5+ Kf6 35. Nd4 Ke5 36. Rd1 Rc3 37. Nf3+ Kd6 38. Nd2 Ke6 39. Ne4 Rc2
40. g3 h6 41. Rd3 g5 42. h3 Ke5 43. Nd2 Ra2 44. Kg2 a4 45. Nf3+ Kd6 46. bxa4
Rxa4 47. Nd4 Ke5 48. Nc6+ Kd6 49. Nd8 Ra7 50. Rf3 Rh7 51. Rf7 Rh8 52. Nb7+ Ke6
53. Rg7 Ne7 54. h4 Kf6 55. Rxe7 Kxe7 56. hxg5 hxg5 57. Nc5 Kf6 58. Ne4+ Kf5 59.
Nd2 Ra8 60. Nf1 Ke4 61. Nh2 Ra2 62. Ng4 Ra3 63. Nh2 Kf5 64. Nf1 Ra8 65. Nh2 Ke4
66. Nf3 Ra5 67. Nh2 Rf5 68. Ng4 Rf8 69. Nh2 Kd3 70. f4 gxf4 71. gxf4 Ke3 72.
Kg3 Rg8+ 73. Ng4+ Ke4 74. Kh3 Kxf4 75. Nh2 Rg3+ 76. Kh4 Ra3 77. Nf1 Rd3 78. Nh2
Rd2 79. Kh3 Rf2 80. Ng4 Rf3+ 81. Kh4 Ra3 82. Nh2 Ra1 83. Kh3 Rg1 84. Kh4 Rg2
85. Kh3 Rf2 86. Ng4 Rf3+ 87. Kh4 Rd3 88. Nh2 Rd2 89. Kh3 Rxh2+ 90. Kxh2 1/2-1/2

[Event "2.BLO 1516 Bindl Aktionär - SK Göggin"]
[Site "?"]
[Date "2016.02.20"]
[Round "9.3"]
[White "Stankovic, Milos"]
[Black "Neuman, Petr"]
[Result "0-1"]
[WhiteElo "2420"]
[BlackElo "2425"]
[PlyCount "114"]
[EventDate "2016.??.??"]

1. e4 d6 2. d4 Nf6 3. Nc3 e5 4. Nf3 Nbd7 5. Bc4 Be7 6. a4 O-O 7. O-O c6 8. Re1
a5 9. Ba2 exd4 10. Nxd4 Nc5 11. Bf4 Qb6 12. Qd2 Be6 13. Nxe6 fxe6 14. Be3 d5
15. Bd4 Rf7 16. exd5 exd5 17. Nd1 Nfe4 18. Qe2 Bf6 19. Be3 Qa6 20. f3 Bh4 21.
Qxa6 Nxa6 22. g3 Ng5 23. gxh4 Nxf3+ 24. Kf1 Nxe1+ 25. Kxe1 Re8 26. Kd2 Re4 27.
Bf2 Rxa4 28. Bg3 Rd4+ 29. Kc3 c5 30. Nf2 Nb4 31. Nd3 Rf3 32. Bb1 Nc6 33. b3 c4
34. bxc4 dxc4 35. Ba2 b5 36. Kb2 h6 37. Re1 Kh7 38. Nc5 a4 39. Bb1 a3+ 40. Ka1
c3 41. Nd3 b4 42. Ba2 Rdxd3 43. cxd3 Nd4 44. Kb1 Rxd3 45. Bd5 Rd2 46. Rc1 Rb2+
47. Ka1 Kh8 48. Bd6 Nc2+ 49. Rxc2 Rxc2 50. Bxb4 Rc1+ 51. Ka2 c2 52. Bxa3 Rd1
53. Be6 c1=Q 54. Bxc1 Rxc1 55. h3 h5 56. Kb2 Rc5 57. Bf7 Kh7 0-1

[Event "2.BLO 1516 Bindl Aktionär - SK Göggin"]
[Site "?"]
[Date "2016.02.20"]
[Round "9.4"]
[White "Cech, Pavel"]
[Black "Arnaudov, G. Petar"]
[Result "1-0"]
[WhiteElo "2374"]
[BlackElo "2450"]
[PlyCount "93"]
[EventDate "2016.??.??"]

1. d4 Nf6 2. Bg5 Ne4 3. Bf4 e5 4. Bxe5 Nc6 5. Nd2 d5 6. Nxe4 dxe4 7. e3 Qe7 8.
Bf4 Qb4+ 9. c3 Qxb2 10. Ne2 Be6 11. Rb1 Qa3 12. Rxb7 Bd5 13. Rxc7 Qxa2 14. g3
g5 15. Bxg5 Bd6 16. Rb7 Qa5 17. Bf6 Nb4 18. Rxb4 Bxb4 19. cxb4 Qxb4+ 20. Qd2
Qb1+ 21. Qc1 Qb4+ 22. Qc3 Qb1+ 23. Nc1 O-O 24. Bh3 Qb5 25. Qc5 Rfb8 26. Qxb5
Rxb5 27. O-O Rb2 28. Bg4 Bc4 29. Re1 Rab8 30. d5 Rd2 31. d6 Rb6 32. Be7 Be6 33.
Bxe6 fxe6 34. Ne2 Rbb2 35. Bf6 Rb6 36. Be5 Rd5 37. Bd4 Ra6 38. Nc3 Rdxd6 39.
Nxe4 Rdc6 40. Rb1 Rc7 41. Rb8+ Kf7 42. Be5 Rc1+ 43. Kg2 Rb6 44. Rh8 Kg6 45.
Rg8+ Kf5 46. Kf3 h6 47. Bd4 1-0

[Event "2.BLO 1516 Bindl Aktionär - SK Göggin"]
[Site "?"]
[Date "2016.02.20"]
[Round "9.5"]
[White "Pitl, Gregory"]
[Black "Krensing, Jan"]
[Result "1-0"]
[WhiteElo "2405"]
[BlackElo "2336"]
[PlyCount "69"]
[EventDate "2016.??.??"]

1. e4 c5 2. Nf3 Nc6 3. d4 cxd4 4. Nxd4 g6 5. c4 Bg7 6. Be3 Nf6 7. Nc3 d6 8. Be2
O-O 9. O-O Bd7 10. Qd2 Nxd4 11. Bxd4 Bc6 12. f3 a5 13. b3 Nd7 14. Be3 Nc5 15.
Rab1 Qb6 16. Rfc1 Rfc8 17. Rc2 h5 18. Bf1 Kh7 19. g3 Qd8 20. Bg2 Qe8 21. Nd5
Bxd5 22. cxd5 b5 23. f4 b4 24. e5 Nd7 25. e6 Rxc2 26. Qxc2 Nc5 27. f5 Rc8 28.
Rc1 fxe6 29. dxe6 Bf6 30. fxg6+ Qxg6 31. Qc4 Kg8 32. Qd5 Bg7 33. Be4 Qe8 34.
Bb1 h4 35. Qf5 1-0

[Event "2.BLO 1516 Bindl Aktionär - SK Göggin"]
[Site "?"]
[Date "2016.02.20"]
[Round "9.6"]
[White "Wall, Gavin"]
[Black "Rooze, Jan"]
[Result "1-0"]
[WhiteElo "2329"]
[BlackElo "2330"]
[PlyCount "55"]
[EventDate "2016.??.??"]

1. e4 d6 2. d4 Nf6 3. Nc3 g6 4. g3 Bg7 5. Bg2 O-O 6. Nge2 Nbd7 7. f4 c5 8. d5
Rb8 9. a4 a6 10. a5 b5 11. axb6 Qxb6 12. h3 Ne8 13. O-O Nc7 14. Na4 Qa7 15. Ra2
Nb5 16. Be3 e6 17. dxe6 fxe6 18. b4 Qc7 19. c4 Nd4 20. bxc5 dxc5 21. e5 Rb4 22.
Bxd4 cxd4 23. Nxd4 Nc5 24. Nc6 Rxa4 25. Rxa4 Bb7 26. Ra5 Bxc6 27. Rxc5 Rd8 28.
Qg4 1-0

[Event "2.BLO 1516 Bindl Aktionär - SK Göggin"]
[Site "?"]
[Date "2016.02.20"]
[Round "9.7"]
[White "Kukov, Velislav"]
[Black "Havlikova, Kristyna"]
[Result "1/2-1/2"]
[WhiteElo "2354"]
[BlackElo "2319"]
[PlyCount "217"]
[EventDate "2016.??.??"]

1. d4 Nf6 2. Bf4 g6 3. e3 Bg7 4. Nf3 O-O 5. h3 d6 6. Be2 Nfd7 7. O-O e5 8. Bh2
Nc6 9. c3 f5 10. b4 a6 11. Qb3+ Kh8 12. Na3 Qe7 13. Nc2 Nf6 14. a4 Be6 15. c4
e4 16. Nd2 Bg8 17. b5 Nd8 18. bxa6 Rxa6 19. Nb4 Ra7 20. Nd5 Qd7 21. Nb1 Ne6 22.
Nbc3 c6 23. Nb6 Qd8 24. Qb4 f4 25. d5 c5 26. Qb3 f3 27. dxe6 fxe2 28. Nxe2 Ra6
29. Rab1 Bxe6 30. Rfd1 Nd7 31. a5 Qf6 32. Bg3 Nxb6 33. axb6 Qf7 34. Rbc1 Be5
35. Bxe5+ dxe5 36. Rf1 Qf6 37. Qb5 Rc8 38. Nc3 Qd8 39. Rfd1 Qxb6 40. Nxe4 Qxb5
41. cxb5 Rb6 42. Rxc5 Rxc5 43. Nxc5 Bf5 44. Rd8+ Kg7 45. Rb8 Rxb5 46. Rxb7+
Rxb7 47. Nxb7 Kf6 48. Nc5 Ke7 49. e4 Bc8 50. Nd3 Kd6 51. Kf1 Bb7 52. f3 Ba6 53.
Ke2 g5 54. Ke3 h5 55. g3 h4 56. gxh4 gxh4 57. Nf2 Ke6 58. f4 exf4+ 59. Kxf4 Bf1
60. Kf3 Kd6 61. Ke3 Ke7 62. Kd4 Kd6 63. e5+ Ke7 64. Ke4 Ke6 65. Kf4 Kd5 66. Kf5
Ba6 67. Kf4 Bf1 68. Kf5 Ba6 69. Ng4 Bc8+ 70. Kf6 Bd7 71. Nf2 Bc8 72. Ng4 Bd7
73. Ne3+ Ke4 74. Ng2 Bxh3 75. Nxh4 Bc8 76. Ng6 Bd7 77. Nf8 Bg4 78. Ne6 Kd5 79.
Nc7+ Ke4 80. Ne8 Kd5 81. Nd6 Bd7 82. Nf5 Ke4 83. Nh6 Bh3 84. Nf7 Kd5 85. Ng5
Bg4 86. Nh7 Bc8 87. Nf8 Bh3 88. Ng6 Ke4 89. Nf8 Kd5 90. Nh7 Bc8 91. Ng5 Bg4 92.
Nf7 Bh3 93. Nd6 Bd7 94. Nf5 Ke4 95. Ng3+ Kd5 96. Ne2 Ke4 97. Nc3+ Kd4 98. Ne2+
Ke4 99. Ng3+ Kd5 100. Nh5 Ke4 101. Ng7 Bg4 102. Ne8 Kd5 103. Nc7+ Ke4 104. Nb5
Bd7 105. Nd6+ Kd5 106. Nf7 Bh3 107. Ke7 Be6 108. Ng5 Kxe5 109. Nxe6 1/2-1/2

[Event "2.BLO 1516 Bindl Aktionär - SK Göggin"]
[Site "?"]
[Date "2016.02.20"]
[Round "9.8"]
[White "Löw, Gerald"]
[Black "Hausner, Ivan"]
[Result "1/2-1/2"]
[WhiteElo "2271"]
[BlackElo "2332"]
[PlyCount "76"]
[EventDate "2016.??.??"]

1. c4 c5 2. g3 g6 3. Bg2 Bg7 4. Nc3 Nc6 5. a3 d6 6. Nf3 e5 7. O-O a5 8. d4 cxd4
9. Nb5 Be6 10. Qa4 Nge7 11. e3 dxe3 12. Bxe3 O-O 13. Rfd1 Nf5 14. Bc5 Ncd4 15.
Nfxd4 exd4 16. Bxd4 Nxd4 17. Nxd4 Bd7 18. Qb3 Ra6 19. a4 Bxd4 20. Rxd4 Bc6 21.
Qd3 Bxg2 22. Kxg2 Qb6 23. b3 Qb4 24. Rd5 Rb6 25. Rb5 Rxb5 26. axb5 b6 27. Qe3
Qc5 28. Qxc5 dxc5 29. Rd1 Ra8 30. Rd6 a4 31. bxa4 Rxa4 32. Rxb6 Rxc4 33. Rc6
Rc3 34. Rc7 Kg7 35. Kf1 c4 36. b6 Rb3 37. b7 Rb2 38. Rxc4 Rxb7 1/2-1/2

[Event "2.BLO 1516 Nickelhütte Aue - SC Forchh"]
[Site "?"]
[Date "2016.02.20"]
[Round "9.1"]
[White "Jirovsky, Milos"]
[Black "Papp, Gabor"]
[Result "0-1"]
[WhiteElo "2450"]
[BlackElo "2602"]
[PlyCount "118"]
[EventDate "2016.??.??"]

1. Nf3 c5 2. c4 Nc6 3. Nc3 e5 4. e3 f5 5. d4 e4 6. d5 exf3 7. dxc6 dxc6 8.
Qxd8+ Kxd8 9. gxf3 Nf6 10. b3 Bd6 11. f4 Ke7 12. Bb2 Be6 13. Bd3 Rhd8 14. Rd1
g6 15. Ne2 Rab8 16. Ng3 b5 17. Bc3 Bc7 18. h4 h5 19. f3 Rd7 20. Rh2 Ne8 21.
cxb5 cxb5 22. Rc2 Rbd8 23. Be2 Rxd1+ 24. Bxd1 c4 25. bxc4 Bxc4 26. Be2 Bd3 27.
Rb2 Kf7 28. Bd4 Bxe2 29. Nxe2 a6 30. Kf2 Nd6 31. Rc2 Nc4 32. a4 Rb8 33. axb5
axb5 34. Nc3 Na3 35. Rc1 Bd8 36. Kg3 Rc8 37. Ra1 b4 38. Nd5 Nc2 39. Rb1 Ke6 40.
Nxb4 Rb8 41. Bc3 Be7 42. Nxc2 Rxb1 43. e4 Bc5 44. Bd4 Bb4 45. Bf2 Bc3 46. Ne3
Rb3 47. exf5+ gxf5 48. Nf1 Rb2 49. Ne3 Bd4 50. Nd1 Rd2 51. Ne3 Bxe3 52. Bxe3
Ra2 53. Bf2 Kd5 54. Kg2 Kc4 55. Kf1 Rxf2+ 56. Kxf2 Kd3 57. Kf1 Ke3 58. Kg2 Ke2
59. Kg3 Kf1 0-1

[Event "2.BLO 1516 Nickelhütte Aue - SC Forchh"]
[Site "?"]
[Date "2016.02.20"]
[Round "9.2"]
[White "Prohaszka, Peter"]
[Black "Jansa, Vlastimil"]
[Result "1/2-1/2"]
[WhiteElo "2613"]
[BlackElo "2464"]
[PlyCount "31"]
[EventDate "2016.??.??"]

1. d4 Nf6 2. c4 g6 3. Nc3 d5 4. Nf3 Bg7 5. Bf4 O-O 6. e3 c5 7. dxc5 Ne4 8. Rc1
Nd7 9. cxd5 Qa5 10. Qc2 Nxc3 11. bxc3 Nxc5 12. e4 Bd7 13. Bd2 Rac8 14. c4 Qa6
15. Be2 e6 16. Qb1 1/2-1/2

[Event "2.BLO 1516 Nickelhütte Aue - SC Forchh"]
[Site "?"]
[Date "2016.02.20"]
[Round "9.3"]
[White "Seyb, Alexander"]
[Black "Meijers, Viesturs"]
[Result "1-0"]
[WhiteElo "2417"]
[BlackElo "2441"]
[PlyCount "63"]
[EventDate "2016.??.??"]

1. e4 c5 2. Nf3 e6 3. d4 cxd4 4. Nxd4 Nf6 5. Nc3 d6 6. g4 a6 7. g5 Nfd7 8. h4
b5 9. a3 Bb7 10. h5 Nc6 11. Nxc6 Bxc6 12. Rh3 h6 13. g6 fxg6 14. hxg6 Qf6 15.
Qh5 Be7 16. Bg2 Rc8 17. f4 a5 18. Be3 Ba8 19. O-O-O b4 20. axb4 axb4 21. Nb5 e5
22. Qg4 Bb7 23. Rh5 d5 24. exd5 Qa6 25. Qe6 Kd8 26. Qxa6 Bxa6 27. d6 Bxb5 28.
dxe7+ Kxe7 29. Bh3 Rc7 30. Bxd7 Bxd7 31. Rxe5+ Kf6 32. Rd6+ 1-0

[Event "2.BLO 1516 Nickelhütte Aue - SC Forchh"]
[Site "?"]
[Date "2016.02.20"]
[Round "9.4"]
[White "Slobodjan, Roman"]
[Black "Rupprecht, Andreas"]
[Result "1/2-1/2"]
[WhiteElo "2471"]
[BlackElo "2422"]
[PlyCount "49"]
[EventDate "2016.??.??"]

1. e4 e6 2. d4 d5 3. Nc3 Nf6 4. Bg5 Bb4 5. e5 h6 6. Bd2 Bxc3 7. Bxc3 Ne4 8. Bd2
c5 9. Be3 Nc6 10. c3 cxd4 11. Bxd4 Qc7 12. f3 Nxd4 13. cxd4 Qa5+ 14. Ke2 Ng5
15. Qd2 Qb6 16. h4 Nh7 17. f4 Bd7 18. Rh3 Bb5+ 19. Kf2 Bxf1 20. Rxf1 O-O 21.
Rb3 Qa6 22. Ra3 Qb6 23. Rb3 Qa6 24. Ra3 Qb6 25. Rb3 1/2-1/2

[Event "2.BLO 1516 Nickelhütte Aue - SC Forchh"]
[Site "?"]
[Date "2016.02.20"]
[Round "9.5"]
[White "Heidrich, Manfred"]
[Black "Eichner, Sebastian"]
[Result "1/2-1/2"]
[WhiteElo "2344"]
[BlackElo "2370"]
[PlyCount "68"]
[EventDate "2016.??.??"]

1. c4 Nf6 2. Nc3 d5 3. cxd5 Nxd5 4. g3 e5 5. Bg2 Be6 6. Nf3 Nc6 7. O-O Be7 8.
d4 exd4 9. Nb5 Qd7 10. Nbxd4 Nxd4 11. Nxd4 Bh3 12. Nf3 Bxg2 13. Kxg2 Rd8 14. e4
Nf6 15. Qxd7+ Rxd7 16. Re1 O-O 17. Bd2 b5 18. a4 a6 19. axb5 axb5 20. Re2 Rfd8
21. Ra5 c6 22. Bc3 Rd1 23. Bxf6 Bxf6 24. Rc2 Re8 25. e5 Bd8 26. Ra8 Re6 27. Nd2
Re8 28. Ne4 Rxe5 29. Nc5 Re7 30. Rb8 Kf8 31. Nb7 Re8 32. Rxc6 Bf6 33. Rxe8+
Kxe8 34. Rb6 Bxb2 1/2-1/2

[Event "2.BLO 1516 Nickelhütte Aue - SC Forchh"]
[Site "?"]
[Date "2016.02.20"]
[Round "9.6"]
[White "Gaponenko, Inna"]
[Black "Ott, Florian"]
[Result "1/2-1/2"]
[WhiteElo "2393"]
[BlackElo "2303"]
[PlyCount "62"]
[EventDate "2016.??.??"]

1. e4 c5 2. Nf3 d6 3. d4 cxd4 4. Nxd4 Nf6 5. Nc3 a6 6. g3 e5 7. Nde2 Be7 8. Bg2
b5 9. Nd5 Nxd5 10. Qxd5 Ra7 11. Be3 Be6 12. Qd2 Rb7 13. Nc3 Nd7 14. Nd5 Nf6 15.
Nxe7 Qxe7 16. Bg5 Rb6 17. O-O h6 18. Be3 Rc6 19. a4 bxa4 20. Rxa4 Ng4 21. Rfa1
Nxe3 22. Qxe3 Qb7 23. Bf1 O-O 24. Rxa6 Qxb2 25. Rxc6 Qxa1 26. Ra6 Qb1 27. Qd3
Rc8 28. Rxd6 Bc4 29. Qd1 Qxd1 30. Rxd1 Bxf1 31. Kxf1 Rxc2 1/2-1/2